000 01616cam a22004814i 4500
003 PE-LiUPU
005 20250731173123.0
008 150623s r 000 0 d
020 _a157312253X
035 _a(Sirsi) i9781573122535
040 _aPE-LiUPU
_bspa
_cPE-LiUPU
_erda
049 _aPRUA
082 0 4 _a222.35 077
_bW78
_221
100 1 _aWolde, Ellen van,
_eautor.
245 1 0 _aRuth and Naomi /
_cEllen van Wolde.
250 _b
264 1 _aMacon, Georgia :
_bSmyth & Helwys Publishing Incorporated,
_c1997.
300 _a158 páginas ;
_c23 centímetros
336 _atext
_2rdacontent
337 _aunmediated
_2rdamedia
338 _avolume
_2rdacarrier
504 _aIncluye bibliografía.
505 0 _aThe journey. The encounter. Midnight. Life goes on. Through the eyes of the narrator. A guide to reading.
526 _aSEG42
526 _aSEG41
526 _aSEG40
526 _aSEG39
526 _aP94
526 _aP87
526 _aP86
526 _aP85
526 _aP77
526 _aP76
526 _aP35
600 1 _aRuth
_xPersonaje bíblico
630 _aBiblia.
_pA.T.
_pRuth
_xComentarios.
942 _2ddc
_cBOOK
949 _a222.35 077 W78
_wDEWEY
_c1
_i51020
_lCCODEBUL1
_mBUL
_p12.30
_r0
_sY
_tBOOK
_u2015-6-24
_xTEOLOGIA
_PP35
_0COMPRA
_o.STAFF. Colección General
994 _aC0
_bPEPRU
596 _a1
999 _a222.35 077 W78
_wDEWEY
_c32707
_i51020
_f2021-11-11
_g5
_lCCODEBUL1
_mBUL
_p12.30
_r0
_sY
_tBOOK
_u2015-6-24
_xTEOLOGIA
_PP35
_0COMPRA
_o.STAFF. Colección General
_d32707
980 _81
_gALBERTO SANCHEZ Responsable de Automatización